000 00357nam a2200157Ia 4500
003 OSt
005 20240329162505.0
008 170524s9999 xx 000 0 und d
020 _a978-8121918053
040 _ciimtu meerut
100 _aSingh/Duggal
100 _c2007
245 0 _aHUMAN RESOURCE MANAGEMENT
260 _aSun India Pub
942 _2ddc
_c02
999 _c2298
_d2298